Loading...
| Literature - World/Other | 0 | 5 | 0 | 0 | 50 | 91 | 122.00 | 0 | 1 | 7.01 | 27.78 |
| Literature - American | 0 | 4 | 0 | 0 | 40 | 89 | 103.25 | 0 | 0 | 11.80 | 20.00 |
| Literature - European | 0 | 3 | 0 | 0 | 30 | 98 | 109.67 | 0 | 0 | 6.39 | 16.67 |
| Literature - British | 0 | 3 | 0 | 1 | 30 | 101 | 126.00 | 0 | 0 | 3.04 | 12.22 |
| Science - Physics | 0 | 2 | 0 | 0 | 20 | 102 | 111.50 | 0 | 0 | 1.74 | 5.56 |
| Philosophy | 0 | 2 | 1 | 0 | 15 | 87 | 89.50 | 1 | 1 | 5.41 | 16.67 |
| History - World | 0 | 1 | 0 | 0 | 10 | 94 | 94.00 | 0 | 0 | 1.95 | 6.67 |
| History - American | 0 | 1 | 0 | 0 | 10 | 87 | 87.00 | 0 | 1 | 2.92 | 10.00 |
| Fine Arts - Visual | 0 | 1 | 0 | 0 | 10 | 115 | 115.00 | 0 | 0 | 2.24 | 5.56 |
| Religion | 0 | 1 | 0 | 0 | 10 | 107 | 107.00 | 0 | 0 | 0.40 | 1.11 |
| Fine Arts - Other | 0 | 1 | 0 | 0 | 10 | 115 | 115.00 | 0 | 0 | 1.58 | 5.56 |